Crisis y perspectivas de la profesión docente
Uloženo v:
| Hlavní autor: | |
|---|---|
| Médium: | Kniha |
| Jazyk: | španělština |
| Vydáno: |
Barcelona
Gedisa
1993
|
| Edice: | Debate socio educativo
|
| Témata: | |
| Tagy: |
Přidat tag
Žádné tagy, Buďte první, kdo vytvoří štítek k tomuto záznamu!
|
MARC
| LEADER | 00000nam a2200000 a 4500 | ||
|---|---|---|---|
| 001 | UCX9782 | ||
| 003 | CL-VaPUC | ||
| 008 | 940627e19930000SP |||||||||||||||||spa|d | ||
| 082 | 0 | 4 | |a 371.104 |b GHI |2 21 |
| 100 | 0 | |a Ghilardi, Franco |e author |9 327262 | |
| 245 | 1 | 0 | |a Crisis y perspectivas de la profesión docente |
| 300 | |a 159 p | ||
| 942 | |c BK | ||
| 945 | |d 19940627 00:00:00 |a rbrito | ||
| 260 | |a Barcelona |b Gedisa |c 1993 | ||
| 650 | 0 | |a Calidad de la educación |9 307271 | |
| 650 | 7 | |a PROFESORES ASPECTOS SOCIOLOGICOS |2 CL-VaPUC |9 327263 | |
| 650 | 0 | |a Formación profesional de profesores |9 307493 | |
| 583 | |a last modification |c 19940627 00:00:00 |k Rodrigo Vera | ||
| 490 | 0 | |a Debate socio educativo | |
| 999 | |c 228934 |d 228932 | ||
| 952 | |0 0 |1 0 |4 0 |6 371_104000000000000_GHI_1993 |7 0 |8 A |9 229439 |a BIBEDU |b BIBEDU |d 2019-11-15 |i 2988399 |o 371.104 GHI 1993 |p 2988399 |r 2019-11-15 |w 2019-11-15 |y BK |k EDU | ||